Ley de acceso a la informaciòn : balance y análisis / (Registro nro. 14377)

Detalles MARC
000 -LEADER
fixed length control field 02359nam a2200349 a 4500
001 - CONTROL NUMBER
control field
003 - CONTROL NUMBER IDENTIFIER
control field
005 - DATE AND TIME OF LATEST TRANSACTION
control field 20230316111739.0
008 - FIXED-LENGTH DATA ELEMENTS--GENERAL INFORMATION
fixed length control field 130313s2008 dr 000 0 spa d
020 ## - INTERNATIONAL STANDARD BOOK NUMBER
International Standard Book Number 9789945865127
040 ## - CATALOGING SOURCE
Original cataloging agency BPMSU
Language of cataloging spa
Transcribing agency BPMSU
082 #4 - DEWEY DECIMAL CLASSIFICATION NUMBER
Classification number 323.44
Item number L681a 2008
Edition number 22
245 00 - TITLE STATEMENT
Title Ley de acceso a la informaciòn : balance y análisis /
Statement of responsibility, etc. presentación Cristóbal Rodríguez Gómez, Wilfredo Lozano,
246 13 - VARYING FORM OF TITLE
Title proper/short title Cuarto Panel :Ley de acceso a la informaciòn : balance y análisis
260 ## - PUBLICATION, DISTRIBUTION, ETC. (IMPRINT)
Place of publication, distribution, etc. Santo Domingo :
Name of publisher, distributor, etc. FLASCO :
-- CONARE,
Date of publication, distribution, etc. 2008.
300 ## - PHYSICAL DESCRIPTION
Extent 3v. ;
Dimensions 22 cm.
490 0# - SERIES STATEMENT
Series statement Reforma y modernización del sistema político dominicano
500 ## - GENERAL NOTE
General note Incluye notas al pie de las páginas
500 ## - GENERAL NOTE
General note 4to panel a cargo del dr. Castaños Guzmán para quien la adopción de la Ley general de libre acceso a la información implica la transformación de la relación de los ciudadanos con la administración pública
504 ## - BIBLIOGRAPHY, ETC. NOTE
Bibliography, etc 4to panel a cargo del dr. Castaños Guzmán para quien la adopción de la Ley general de libre acceso a la información implica la transformación de la relación de los ciudadanos con la administración pública
505 ## - FORMATTED CONTENTS NOTE
Miscellaneous information v.1. : 1o. Panel--
Title Separación de poderes y sistemas de control: los poderes del Estado en la reforma constitucional de la República Dominicana /
Statement of responsibility Cristóbal Rodríguez Gómez
Miscellaneous information v. 2. : 2o. Panel :
Title El papel de los partidos políticos en la construcción de la transparencia en la administración pública--
Miscellaneous information v.3. : 3o. Panel-
Title Nacionalidad, ciudadanía y reforma constitucional en la República Dominicana de principios del siglo XXI /
Statement of responsibility Wilfredo Lozano
Miscellaneous information v.4. : 4o. Panel--
Title Ley de acceso a la información: balance y analisís.
590 ## - LOCAL NOTE (RLIN)
Local note Inventariado, 2023/VM
650 #4 - SUBJECT ADDED ENTRY--TOPICAL TERM
Topical term or geographic name as entry element Derecho civiles
Geographic subdivision República Dominicana
Form subdivision Congresos, conferencias, etc.
650 #4 - SUBJECT ADDED ENTRY--TOPICAL TERM
Topical term or geographic name as entry element Libertad de información
Geographic subdivision República Dominicana
Form subdivision Congresos, conferencias, etc.
651 #4 - SUBJECT ADDED ENTRY--GEOGRAPHIC NAME
Geographic name República Dominicana
General subdivision Derecho constitucional
Form subdivision Congresos, conferencias, etc.
700 1# - ADDED ENTRY--PERSONAL NAME
Personal name Rodríguez Gómez, Cristóbal
Title of a work
700 1# - ADDED ENTRY--PERSONAL NAME
Personal name Lozano, Wilfredo.
710 2# - ADDED ENTRY--CORPORATE NAME
Corporate name or jurisdiction name as entry element Consejo Nacional de Administración del Estado (República Dominicana)
710 2# - ADDED ENTRY--CORPORATE NAME
Corporate name or jurisdiction name as entry element Facultad Latinoamericcana de Ciencias Sociales (República Dominicana)
910 ## - USER-OPTION DATA (OCLC)
User-option data VMateo V. Control de calidad (BPMSU)
942 ## - ADDED ENTRY ELEMENTS (KOHA)
Source of classification or shelving scheme Dewey Decimal Classification
Koha item type Libros
Existencias
Withdrawn status Lost status Source of classification or shelving scheme Damaged status Not for loan Collection code Home library Current library Date acquired Full call number Barcode Date last seen Copy number Price effective from Koha item type
    Dewey Decimal Classification     Colección Dominicana Biblioteca Pública Metropolitana Salomé Ureña Biblioteca Pública Metropolitana Salomé Ureña 03/16/2023 BPMSU CD 323.44 L681a 2008 BPMSU23030024 03/16/2023 v.4 03/16/2023 Libros
    Dewey Decimal Classification     Colección Dominicana Biblioteca Pública Metropolitana Salomé Ureña Biblioteca Pública Metropolitana Salomé Ureña 03/16/2023 BPMSU CD 323.44 L681a 2008 BPMSU23030025 03/16/2023 v.4, e.2 03/16/2023 Libros
    Dewey Decimal Classification     Colección Dominicana Biblioteca Pública Metropolitana Salomé Ureña Biblioteca Pública Metropolitana Salomé Ureña 03/16/2023 BPMSU CD 323.44 L681a 2008 BPMSU23030026 03/16/2023 v.4, e.3 03/16/2023 Libros